Čo príde po Paname
Téma o daňových rajoch a ich ponúkanej možnosti obísť zákonom dané platenie daní. Kauza Panama papers. Najznámejšie daňové raje. Prispôsobenie sa vonkajšiemu tlaku a odtajňovanie informácií. Dôležité účinné postihovanie daňových únikov.
Gespeichert in:
| 1. Verfasser: | |
|---|---|
| Weitere Verfasser: | |
| Format: | Buchkapitel |
| Sprache: | Slowakisch |
| Schlagworte: | |
| Tags: |
Keine Tags, Fügen Sie das erste Tag hinzu!
|
MARC
| LEADER | 00000naa a2200000 4500 | ||
|---|---|---|---|
| 001 | 0215208 | ||
| 005 | 20231113105042.1 | ||
| 041 | 0 | |a slo | |
| 044 | |a SK | ||
| 245 | 1 | 0 | |a Čo príde po Paname |c Xénia Makarová, Ján Kováč |
| 520 | |a Téma o daňových rajoch a ich ponúkanej možnosti obísť zákonom dané platenie daní. Kauza Panama papers. Najznámejšie daňové raje. Prispôsobenie sa vonkajšiemu tlaku a odtajňovanie informácií. Dôležité účinné postihovanie daňových únikov. | ||
| 610 | 2 | 0 | |a raje daňové |
| 610 | 2 | 0 | |a únik daňový |
| 610 | 2 | 0 | |a podvody daňové |
| 610 | 2 | 0 | |a firmy |
| 610 | 2 | 0 | |a podnikanie |
| 610 | 2 | 0 | |a Panama |
| 100 | 1 | |a Makarová, Xénia | |
| 700 | 1 | |a Kováč, Ján | |